000 01140nac a22003737a 4500
001 BR6800270
003 BR-BrBNA
005 20240105113328.0
008 230509b bl.|||m| |||| 00| 0 por d
040 _aBR-BrBNA
_bpor
_cBiblioteca Nacional de Agricultura
072 _aF23; F10; P10
090 _aF23 BR6800270
100 1 _aMonteiro, C.A.F.
100 1 _aMesquita, O.V.
100 1 _aRomariz, D. de A.
110 1 _aFundacao Instituto Brasileiro de Geografia e Estatistica, Rio de Janeiro, GB
_94918
245 1 _aGeografia do Brasil. Grande regiao Sul [Geologia; Clima; Hidrografia]
_bv. 4(1)
250 1 _a2. ed.
260 3 _aRio de Janeiro, GB (Brasil):
_c1968.
300 _a211 p.
490 _aBiblioteca Geografica Brasileira. Serie A (Brazil)
_vno. 18
_x
500 _a96 illus.; 46 ref.
650 _aClassificacao do solo
650 _aClimatologia
650 _aRecurso hidrico
650 _aGeologia
650 _aGeomorfologia
650 _aHidrologia
650 _aClima
650 _aVegetacao
650 _aSul
909 _a202312
_bLúcia Elande
_c55
_dLúcia Elande
942 _2AGRIS
_n0
_cMS
999 _c263123
_d263123